书目信息 |
| 题名: |
漫话经济学
|
|
| 作者: | 张溪竹 , 张再金 编著 ;蜡人 绘画 | |
| 分册: | ||
| 出版信息: | 北京 中国法制出版社 2014 |
|
| 页数: | 204页 | |
| 开本: | 21cm | |
| 丛书名: | ||
| 单 册: | ||
| 中图分类: | F0-49 | |
| 科图分类: | ||
| 主题词: | 经济学--通俗读物 , 经济学 | |
| 电子资源: | ||
| ISBN: | 978-7-5093-4771-3 | |
| 000 | 00864nam0 2200253 450 | |
| 001 | 139250 | |
| 005 | 20140911092655.03 | |
| 010 | @a978-7-5093-4771-3@dCNY 29.80 | |
| 100 | @a20140106d2014 em y0chiy50 ea | |
| 101 | 0 | @achi |
| 102 | @aCN@b110000 | |
| 105 | @aa z 000yy | |
| 200 | 1 | @a漫话经济学@Aman hua jing ji xue@b专著@f张溪竹,张再金编著@g蜡人绘画 |
| 210 | @a北京@c中国法制出版社@d2014 | |
| 215 | @a204页@c彩图@d21cm | |
| 330 | @a本书介绍了经济学的相关知识,内容包括:人人都是参与者——《新闻联播》中的经济学,谁动了你的钱包——消费经济学,用钱生钱的秘密——理财经济学,身边的有趣现象——街头经济学等。 | |
| 606 | 0 | @a经济学@j通俗读物 |
| 606 | 0 | @a经济学 |
| 690 | @aF0-49@v5 | |
| 701 | 0 | @a张溪竹@Azhang xi zhu@4编著 |
| 701 | 0 | @a张再金@Azhang zai jin@4编著 |
| 702 | 0 | @a蜡人@Ala ren@4绘画 |
| 801 | 0 | @c20140911 |
| 905 | @a241430@dF0-49@eZ200 | |
| 漫话经济学/张溪竹,张再金编著/蜡人绘画.-北京:中国法制出版社,2014 |
| 204页:彩图;21cm |
| ISBN 978-7-5093-4771-3:CNY 29.80 |
| 本书介绍了经济学的相关知识,内容包括:人人都是参与者——《新闻联播》中的经济学,谁动了你的钱包——消费经济学,用钱生钱的秘密——理财经济学,身边的有趣现象——街头经济学等。 |
| ● |
| 相关链接 |
|
|
|
正题名:漫话经济学
索取号:F0-49/Z200
 
预约/预借
| 序号 | 登录号 | 条形码 | 馆藏地/架位号 | 状态 | 备注 |
| 1 | 0829910 | 208299107 | 社科库409/409社科库 62排1列2层/ [索取号:F0-49/Z200] | 在馆 | |
| 2 | 0829911 | 208299116 | 社科库409/400B社科库 3排1列3层/ [索取号:F0-49/Z200] | 在馆 | |
| 3 | 0829912 | 208299125 | 社科库409/400B社科库 3排3列1层/ [索取号:F0-49/Z200] | 在馆 |